LEADER 01549oam 2200433 a 450 001 9910692053603321 005 20031021110307.0 035 $a(CKB)5470000002350888 035 $a(OCoLC)52984205 035 9 $aocm52984205 035 $a(OCoLC)995470000002350888 035 $a(EXLCZ)995470000002350888 100 $a20030908d2003 ua 0 101 0 $aeng 135 $auran|||||| 181 $ctxt$2rdacontent 182 $cc$2rdamedia 183 $acr$2rdacarrier 200 10$aBorder security$b[electronic resource] $enew policies and procedures are needed to fill gaps in the visa revocation process : report to Congressional requesters /$fUnited States General Accounting Office 210 1$aWashington, D.C. :$cU.S. General Accounting Office,$d[2003] 300 $aTitle from title screen (viewed on Oct. 21, 2003) 300 $a"June 2003." 300 $aPaper version available from: General Accounting Office, 441 G St., NW, Rm. LM, Washington, D.C. 20548. 300 $a"GAO-03-798." 320 $aIncludes bibliographical references. 517 $aBorder security 606 $aVisas$xGovernment policy$zUnited States 606 $aEmigration and immigration law$zUnited States 606 $aNational security$zUnited States 615 0$aVisas$xGovernment policy 615 0$aEmigration and immigration law 615 0$aNational security 801 0$bXFF 801 1$bXFF 801 2$bGPO 906 $aBOOK 912 $a9910692053603321 996 $aBorder security$93423087 997 $aUNINA LEADER 02203oam 2200721 450 001 9910711528103321 005 20181116155155.0 035 $a(CKB)5470000002484773 035 $a(OCoLC)760336203 035 $a(EXLCZ)995470000002484773 100 $a20111111d1983 ua 0 101 0 $aeng 135 $aurbn||||||||| 181 $ctxt$2rdacontent 182 $cc$2rdamedia 183 $acr$2rdacarrier 200 10$aMarital and family patterns of workers $ean update 210 1$a[Washington, D.C.] :$cU.S. Department of Labor, Bureau of Labor Statistics,$d1983. 215 $a1 online resource (v, 34 pages) 225 1 $aSpecial labor force report 225 1 $aBulletin ;$v2163 300 $a"May 1983." 300 $a"Howard Hayghe"--Page 1. 517 $aMarital and family patterns of workers 606 $aLabor supply$zUnited States$vStatistics 606 $aWomen$xEmployment$zUnited States$vStatistics 606 $aMarried people$xEmployment$zUnited States$vStatistics 606 $aMarital status$zUnited States$vStatistics 606 $aFamily size$zUnited States$vStatistics 606 $aFamily size$2fast 606 $aLabor supply$2fast 606 $aMarital status$2fast 606 $aMarried people$xEmployment$2fast 606 $aWomen$xEmployment$2fast 607 $aUnited States$2fast 608 $aStatistics.$2fast 608 $aStatistics.$2lcgft 615 0$aLabor supply 615 0$aWomen$xEmployment 615 0$aMarried people$xEmployment 615 0$aMarital status 615 0$aFamily size 615 7$aFamily size. 615 7$aLabor supply. 615 7$aMarital status. 615 7$aMarried people$xEmployment. 615 7$aWomen$xEmployment. 676 $a331.11/0973 700 $aHayghe$b Howard$01396683 712 02$aUnited States.$bBureau of Labor Statistics, 801 0$bOCLCE 801 1$bOCLCE 801 2$bOCLCQ 801 2$bOCLCF 801 2$bOCLCQ 801 2$bOCLCO 801 2$bOCLCQ 801 2$bOWS 801 2$bGPO 906 $aBOOK 912 $a9910711528103321 996 $aMarital and family patterns of workers$93507848 997 $aUNINA